NFL Rushing Leaders: Chicago Bears - Statistics

General Stats
  • This quiz has been taken 77 times
  • The average score is 5 of 10
Answer Stats
Rank Player Yards Years w/ Team % Correct
1 WalterPayton 16726 1975-1987
99%
2 MattForte 8602 2008-2015
87%
5 GaleSayers 4956 1965-1971
76%
6 DavidMontgomery 3609 2019-2022
64%
8 JordanHoward 3370 2016-2018
54%
7 ThomasJones 3493 2004-2006
45%
3 NealAnderson 6166 1986-1993
43%
9 AnthonyThomas 3332 2001-2004
24%
4 RickCasares 5657 1955-1964
6%
10 RolandHarper 3044 1975-1982
6%
No matching quizzes found
Score Distribution
Percent of People with Each Score
Percentile by Number Answered
Your Score History
You have not taken this quiz